000 00984nac a22002897a 4500
001 BR2016004907
003 BR-BrBNA
005 20240105124037.0
008 230509b bl.|||m| |||| 00| 0 por d
040 _aBR-BrBNA
_bpor
_cBiblioteca Nacional de Agricultura
072 _aF70
090 _a1930 BR2016004907
100 1 _aGuglieri, A.
100 1 _aLonghi-Wagner, H.M.
110 1 _aUniversidade Federal do Rio Grande do Sul, Porto Alegre, RS (Brasil)
_911180
245 1 _aGramineae - Paniceae gênero Panicum L.
260 3 _aRio Grande do Sul, RS (Brasil):
_c2000.
300 _a163 p.
490 _aBoletim do Instituto de Biociências - Universidade Federal do Rio Grande do Sul (Brazil)
_vno. 59
_xISSN 0102-597X
500 _aSummaries (En, Pt); 40 illus.; 43 ref.
650 _aGRAMINACEAE
650 _aGRAMÍNEA
650 _aTAXONOMIA VEGETAL
650 _aRIO GRANDE DO SUL
909 _a202312
_bLúcia Elande
_c55
_dLúcia Elande
942 _2AGRIS
_n0
_cMS
999 _c298121
_d298121